000
00234 a2200097 4500
001
30235
100
_a
Picard, B L
245
_a
German Hero Sagas & Folk Tables
260
_a
London
_b
Oxford University Press
_c
090
_c
20178
_d
20178
942
_a
NUST-CAE
_c
M
_c
11312
999
_c
265308
_d
265308